00673nam a2200241 a 4500001001300000003000900013005001700022008004100039020001000080082001600090100001800106245003800124260003900162300000900201500003500210505001700245650002500262700001800287902000800305942000700313952009600320999001500416nice12345678IN_TiNIC20260116012610.0050524s1939 usaa grp 000 0 eng  ac10000a201.65bRIM aRimmer, Harry aHarmony of Scinece and Scripture. aUsabSesearch Science Bureauc1939 a296p aincludes index and biblioraphy2 aBibliography aReligion and Science1 aRimmer, Harry bSRS cBK 00104070aHMIbHMId2011-04-06g100.00l0o201.65 RIMp12368r2011-04-06w2026-01-16yEB c7614d7614